000 00379nam a22001457a 4500
020 _a978-8120414365
041 _aENG
100 _aDris.R
245 _aCrop Management And Postharvest Handling Horticultural Products Vol 1
260 _aDelhi
_bOxford & IBH Publishing Co.Pvt .Ltd
_c2001
300 _a364
650 _aAPE
700 _aJain .S.M
856 _uAPE ( 02 )
999 _c1633
_d1633